| 000 | 00809nam a22002537a 4500 | ||
|---|---|---|---|
| 005 | 20140825104231.0 | ||
| 010 | _aENG-110448 | ||
| 020 |
_a9781422183175 _c995.00 |
||
| 035 | _aEN-93980 | ||
| 037 | _bDBAD/PUB | ||
| 082 | _a658.40355 | ||
| 100 | _aThompson, Donald N. | ||
| 245 |
_aOracles : _cby Donald N. Thompson _b how prediction markets turn employees into visionaries / |
||
| 260 |
_aUSA _bHarvard Business School Publishing _c2012 |
||
| 300 |
_avi,261p. : _c24cm(Hb) _bill. |
||
| 500 | _aincludes index | ||
| 650 | _aBusiness forecasting. | ||
| 650 | _a Decision making. | ||
| 650 | _aStrategic planning. | ||
| 650 | _a Organizational behavior. | ||
| 650 | _aOrganizational effectiveness. | ||
| 650 | _aCreative ability in business. | ||
| 942 |
_2ddc _cEN _mTHO _h658.40355 |
||
| 999 |
_c86730 _d86730 |
||